| 000 | 00668nam a22002417a 4500 | ||
|---|---|---|---|
| 001 | sjds170171 | ||
| 003 | sjds | ||
| 005 | 20170722151421.0 | ||
| 008 | 170722b nyu||||| |||| 00| 0 spa d | ||
| 020 | _a9780439879897 (pbk.) | ||
| 020 | _a9780439879892 (pbk.) | ||
| 040 | _csjds | ||
| 041 |
_aspa _aeng |
||
| 082 | _a597.3 | ||
| 100 | 1 | _aBerger, Melvin | |
| 245 |
_aTiburones = _bSharks / _cMelvin & Gilda Berger. |
||
| 246 | _aSharks | ||
| 260 |
_aNew York : _bScholastic, _c2006. |
||
| 300 |
_a1 volume (unpaged) : _bcolor illustrations ; _c18 x 21 cm. |
||
| 500 | _aParallel text in Spanish and English. | ||
| 700 | 1 | _aBerger, Gilda | |
| 942 |
_2ddc _cBK |
||
| 999 |
_c18636 _d18636 |
||